<?xml version="1.0" encoding="UTF-8"?><collection xmlns="info:lc/xmlns/marcxchange-v2"><record format="Unimarc" type="bibliographic"><leader>02044cam  2200517   450 </leader><controlfield tag="001">1015534</controlfield><controlfield tag="003">http://id.bnportugal.gov.pt/bib/porbase/1015534</controlfield><controlfield tag="005">20010319151100.0</controlfield><datafield ind1=" " ind2=" " tag="010"><subfield code="a">972-9216-69-x</subfield></datafield><datafield ind1=" " ind2=" " tag="010"><subfield code="a">972-9216-61-4</subfield></datafield><datafield ind1=" " ind2=" " tag="010"><subfield code="a">972-9216-71-1</subfield></datafield><datafield ind1=" " ind2=" " tag="010"><subfield code="a">972-9216-72-x</subfield></datafield><datafield ind1=" " ind2=" " tag="010"><subfield code="a">972-9216-70-3</subfield></datafield><datafield ind1=" " ind2=" " tag="010"><subfield code="a">972-9216-68-1</subfield></datafield><datafield ind1=" " ind2=" " tag="021"><subfield code="a">PT</subfield><subfield code="b">121309/98</subfield></datafield><datafield ind1=" " ind2=" " tag="035"><subfield code="a">(bn)1015534</subfield></datafield><datafield ind1=" " ind2=" " tag="100"><subfield code="a">20000303d1998    m  y0pory0103    ba</subfield></datafield><datafield ind1="0" ind2=" " tag="101"><subfield code="a">por</subfield></datafield><datafield ind1=" " ind2=" " tag="102"><subfield code="a">PT</subfield></datafield><datafield ind1=" " ind2=" " tag="105"><subfield code="a">a   z   001zd</subfield></datafield><datafield ind1=" " ind2=" " tag="106"><subfield code="a">r</subfield></datafield><datafield ind1="1" ind2=" " tag="200"><subfield code="a">Saudades da terra</subfield><subfield code="f">Gaspar Frutuoso</subfield><subfield code="g">pref. João Bernardo de Oliveira Rodrigues</subfield></datafield><datafield ind1=" " ind2="9" tag="210"><subfield code="a">Ponta Delgada</subfield><subfield code="c">Instituto Cultural</subfield><subfield code="d">1998</subfield></datafield><datafield ind1=" " ind2=" " tag="215"><subfield code="a">6 v.</subfield><subfield code="c">il.</subfield><subfield code="d">30 cm</subfield></datafield><datafield ind1="1" ind2=" " tag="327"><subfield code="a">1º v. : XCV, 147 p. a 2 colns.</subfield><subfield code="a">2º v. : XIII, 181 a 2 colns.</subfield><subfield code="a">3º v. : CIII, 121 p. a 2 colns.</subfield><subfield code="a">4º v. : XI, [3], 554 p. a 2 colns.</subfield><subfield code="a">5º v. : XXXI,, 91 p. a 2 colns.</subfield><subfield code="a">6º v. : XVIII, 169 p. a 2 colns.</subfield></datafield><datafield ind1=" " ind2="1" tag="600"><subfield code="2">SIPOR</subfield><subfield code="3">13194</subfield></datafield><datafield ind1=" " ind2=" " tag="606"><subfield code="2">SIPOR</subfield><subfield code="3">68295</subfield></datafield><datafield ind1=" " ind2=" " tag="607"><subfield code="2">SIPOR</subfield><subfield code="3">1785086</subfield></datafield><datafield ind1=" " ind2=" " tag="607"><subfield code="2">SIPOR</subfield><subfield code="3">1785086</subfield></datafield><datafield ind1=" " ind2=" " tag="675"><subfield code="a">94(469.8/.9)"15"</subfield><subfield code="v">BN</subfield><subfield code="z">por</subfield><subfield code="3">1686667</subfield></datafield><datafield ind1=" " ind2=" " tag="675"><subfield code="a">94(4)(261-17)"15"</subfield><subfield code="v">BN</subfield><subfield code="z">por</subfield><subfield code="3">1686668</subfield></datafield><datafield ind1=" " ind2=" " tag="675"><subfield code="a">929Frutuoso, Gaspar</subfield><subfield code="v">BN</subfield><subfield code="z">por</subfield><subfield code="3">473074</subfield></datafield><datafield ind1=" " ind2=" " tag="675"><subfield code="a">821.134.3-94"15"</subfield><subfield code="v">BN</subfield><subfield code="z">por</subfield><subfield code="3">476195</subfield></datafield><datafield ind1=" " ind2="1" tag="700"><subfield code="a">Frutuoso</subfield><subfield code="b">Gaspar</subfield><subfield code="f">1522-1591</subfield><subfield code="3">25002</subfield></datafield><datafield ind1=" " ind2="1" tag="702"><subfield code="a">Rodrigues</subfield><subfield code="b">João Bernardo de Oliveira</subfield><subfield code="4">080</subfield><subfield code="3">49451</subfield></datafield><datafield ind1=" " ind2=" " tag="966"><subfield code="b">001</subfield><subfield code="d">1 v.</subfield><subfield code="l">BN</subfield><subfield code="m">FGMON</subfield><subfield code="s">H.G. 47123 V.</subfield><subfield code="x">1</subfield></datafield><datafield ind1=" " ind2=" " tag="966"><subfield code="b">001</subfield><subfield code="d">1º v.</subfield><subfield code="l">BN</subfield><subfield code="m">FGMON</subfield><subfield code="s">H.G. 47123 V.</subfield><subfield code="x">1</subfield></datafield><datafield ind1=" " ind2=" " tag="966"><subfield code="b">001</subfield><subfield code="d">2º v.</subfield><subfield code="l">BN</subfield><subfield code="m">FGMON</subfield><subfield code="s">H.G. 47124 V.</subfield><subfield code="x">1</subfield></datafield><datafield ind1=" " ind2=" " tag="966"><subfield code="b">001</subfield><subfield code="d">2º v.</subfield><subfield code="l">BN</subfield><subfield code="m">FGMON</subfield><subfield code="s">H.G. 47124 V.</subfield><subfield code="x">1</subfield></datafield><datafield ind1=" " ind2=" " tag="966"><subfield code="b">001</subfield><subfield code="d">3º v.</subfield><subfield code="l">BN</subfield><subfield code="m">FGMON</subfield><subfield code="s">H.G. 47125 V.</subfield><subfield code="x">1</subfield></datafield><datafield ind1=" " ind2=" " tag="966"><subfield code="b">001</subfield><subfield code="d">3º v.</subfield><subfield code="l">BN</subfield><subfield code="m">FGMON</subfield><subfield code="s">H.G. 47125 V.</subfield><subfield code="x">1</subfield></datafield><datafield ind1=" " ind2=" " tag="966"><subfield code="b">001</subfield><subfield code="d">4º v.</subfield><subfield code="l">BN</subfield><subfield code="m">FGMON</subfield><subfield code="s">H.G. 47126 V.</subfield><subfield code="x">1</subfield></datafield><datafield ind1=" " ind2=" " tag="966"><subfield code="b">001</subfield><subfield code="d">4º v.</subfield><subfield code="l">BN</subfield><subfield code="m">FGMON</subfield><subfield code="s">H.G. 47126 V.</subfield><subfield code="x">1</subfield></datafield><datafield ind1=" " ind2=" " tag="966"><subfield code="b">001</subfield><subfield code="d">5º v.</subfield><subfield code="l">BN</subfield><subfield code="m">FGMON</subfield><subfield code="s">H.G. 47127 V.</subfield><subfield code="x">1</subfield></datafield><datafield ind1=" " ind2=" " tag="966"><subfield code="b">001</subfield><subfield code="d">5º v.</subfield><subfield code="l">BN</subfield><subfield code="m">FGMON</subfield><subfield code="s">H.G. 47127 V.</subfield><subfield code="x">1</subfield></datafield><datafield ind1=" " ind2=" " tag="966"><subfield code="b">001</subfield><subfield code="d">6º v.</subfield><subfield code="l">BN</subfield><subfield code="m">FGMON</subfield><subfield code="s">H.G. 47128 V.</subfield><subfield code="x">1</subfield></datafield><datafield ind1=" " ind2=" " tag="966"><subfield code="b">001</subfield><subfield code="d">6º v.</subfield><subfield code="l">BN</subfield><subfield code="m">FGMON</subfield><subfield code="s">H.G. 47128 V.</subfield><subfield code="x">1</subfield></datafield><datafield ind1=" " ind2=" " tag="966"><subfield code="b">002</subfield><subfield code="d">1º v.</subfield><subfield code="l">BPMP</subfield><subfield code="m">BPMP</subfield><subfield code="s">9c 000084(1) </subfield><subfield code="x">1</subfield></datafield><datafield ind1=" " ind2=" " tag="966"><subfield code="b">002</subfield><subfield code="d">2º v.</subfield><subfield code="l">BPMP</subfield><subfield code="m">BPMP</subfield><subfield code="s">9c 000084(2) </subfield><subfield code="x">1</subfield></datafield><datafield ind1=" " ind2=" " tag="966"><subfield code="b">002</subfield><subfield code="d">3º v.</subfield><subfield code="l">BPMP</subfield><subfield code="m">BPMP</subfield><subfield code="s">9c 000084(3) </subfield><subfield code="x">1</subfield></datafield><datafield ind1=" " ind2=" " tag="966"><subfield code="b">002</subfield><subfield code="d">4º v.</subfield><subfield code="l">BPMP</subfield><subfield code="m">BPMP</subfield><subfield code="s">9c 000084(4) </subfield><subfield code="x">1</subfield></datafield><datafield ind1=" " ind2=" " tag="966"><subfield code="b">002</subfield><subfield code="d">5º v.</subfield><subfield code="l">BPMP</subfield><subfield code="m">BPMP</subfield><subfield code="s">9c 000084(5) </subfield><subfield code="x">1</subfield></datafield><datafield ind1=" " ind2=" " tag="966"><subfield code="b">002</subfield><subfield code="d">6º v.</subfield><subfield code="l">BPMP</subfield><subfield code="m">BPMP</subfield><subfield code="s">9c 000084(6) </subfield><subfield code="x">1</subfield></datafield></record></collection>